00451nam a2200181Ia 4500008004100000020001800041245002600059245004400085260001500129260001600144260000900160300001500169300002500184300001000209440002300219500000800242999001900250170705s9999 xx 000 0 und d a9780439696753 aSun, moon and stars / cStephanie Turnbull ; designed Zoe Wray. aNew York : bScholastic, c2003 a32 pages : bcolor illustration ; c20cm. aUsborne beginners. a660 c336176d336176